The gift of the river : a history of ancient Egypt /

محفوظ في:

المؤلف الرئيسي: Meadowcroft, Enid LaMonte

التنسيق: كتاب

اللغة: Undetermined

منشور في: New York : Thomas Y. Crowell company, 1965.

الموضوعات:

الوسوم: إضافة وسم

لا توجد وسوم, كن أول من يضع وسما على هذه التسجيلة!

رقم الطلب: DT83 .M4

LEADER 00606nam a2200145Ia 4500
008 220401s9999||||xx |||||||||||||| ||und||
050 4 |a DT83 .M4 
100 1 |a Meadowcroft, Enid LaMonte 
245 1 4 |a The gift of the river :  |b a history of ancient Egypt /  |c Enid LaMonte Meadowcroft. 
264 1 |a New York :  |b Thomas Y. Crowell company,  |c 1965. 
300 |a xii, 242p. Front :  |b illus. ;  |c 21cm. 
650 1 4 |a Egypt History To 332 B.C. Juvenile literature. 
942 |2 lcc  |c BK 
952 |0 0  |1 0  |2 lcc  |4 0  |6 DT0083 M4  |7 1  |9 39262  |a ARCE  |b ARCE  |d 2022-04-01  |l 0  |o DT83 .M4  |p 1001558  |r 2022-04-01 00:00:00  |w 2022-04-01  |y BK 
999 |c 46843  |d 46843